Представление документа в формате RUSMARC

ПолеНазваниеЗначение
  Тип записи c
  Библиографический уровень c
001 Контрольный номер RU/SLIB/B/208752148
005 Дата корректировки 20250325095020.6
010 Индекс ISBN __
d Цена 1-10
101 Язык документа 0_
a Язык текста rus
c Язык оригинала rus
200 Заглавие и сведения об ответственности 1_
a Заглавие Педагогический репертуар
e Сведения, относящиеся к заглавию хрестоматия для фортепиано : 3-й кл. ДМШ
f Первые сведения об ответственности ред.-сост.: Н. Любомудрова, К. Сорокин, А. Туманян
b Общее обозначение материала Ноты
210 Выходные данные 1_
a Место издания М.
c Издательство Музыка
d Дата издания 1980
215 Физическое описание __
a Объем 80 с.
c Иллюстрации/тип воспроизводства ноты
606 Тематические рубрики __
a Основная рубрика Музыка и зрелищные искусства
606 Тематические рубрики __
a Основная рубрика Инструментальная музыка
610 Ключевые слова 0_
a Ключевые слова нотные издания; педагогический репертуар; фортепиано; фортепианная музыка; музыкальные произведения; ноты
686 Индексы других классификаций __
a Классификационный индекс 85.954.2я7; ст85.954.2я7
702 Вторичная интеллектуальная ответственность _1
a Фамилия Любомудрова
b Имя Н.
4 Код отношения Редактор-составитель
702 Вторичная интеллектуальная ответственность _1
a Фамилия Сорокин
b Имя К.
4 Код отношения Редактор-составитель
702 Вторичная интеллектуальная ответственность _1
a Фамилия Туманян
b Имя А.
4 Код отношения Редактор-составитель
801 Источник записи _0
a Страна RU
b Организация Муниципальное бюджетное учреждение культуры "Централизованная библиотечная система" г. Сургут (Центральная городская библиотека им. А. С. Пушкина)
g Правила каталогизации КиК/Уланова
801 Источник записи _1
a Страна RU
b Организация Муниципальное бюджетное учреждение культуры "Централизованная библиотечная система" г. Сургут (Центральная городская библиотека им. А. С. Пушкина)
g Правила каталогизации КиК/Уланова
852 Данные о местонахождении __
j Шифр хранения 85.954.2я7
c Каталожный индекс 85.954.2я7
i Авторский знак П 24
p Инвентарный номер 8527
901 Тип документа __
t Тип документа x
969 Тип издания __
a Тип издания хрестоматия; сборник
990 Данные о заказе (DOS) __
j Количество экземпляров (DOS) 1